00443cam a2200157ua 4500001000400000008003900004040000900043082001300052245007900065250004100144260003000185300001700215653001500232653002000247653001800267178121015n ii |||gr||||Z||||||eng cMAIN a305.5122 aClimate change and tribal sutainable living: responses from the northeast. a1st. / bEdited by Walter Fernandes. aGowahati.:bNESRC,c2001. a150 p.:5 cm. aSociology. aClimate change. aTribal living